Loading...

Middle-class moralities : Every day struggle over belonging and prestige in india

Bibliographic Details
Main Author: Minna,Saavala
Format: Printed Book
Language:Undetermined
Published: Orient black swan 2010
LEADER 00548nam a2200157Ia 4500
008 140316s9999 xx 000 0 und d
020 |a 9.78813E+12 
082 |a 305.55  |b MIN/MI 
100 |a Minna,Saavala 
245 |a Middle-class moralities : Every day struggle over belonging and prestige in india 
260 |b Orient black swan  |c 2010 
300 |a 226 
650
942 |2 ddc  |c BK 
999 |c 10522  |d 10522 
952 |0 0  |1 0  |2 ddc  |4 0  |6 305_550000000000000_MINMI  |7 0  |9 11726  |a KAUCLV  |b KAUCLV  |c GENERAL  |d 2014-03-18  |o 305.55 MIN/MI  |p 219151  |r 2014-03-18  |w 2014-03-18  |y BK